书目信息 |
| 题名: |
现代节电技术与节电工程
|
|
| 作者: | 金哲 , 孙成宝 主编 | |
| 分册: | ||
| 出版信息: | 北京 中国水利水电出版社 2005.6 |
|
| 页数: | 365页 | |
| 开本: | 26cm | |
| 丛书名: | ||
| 单 册: | ||
| 中图分类: | TM92 | |
| 科图分类: | ||
| 主题词: | 电能--节能--节能 | |
| 电子资源: | ||
| ISBN: | 7-5084-2961-3 | |
| 000 | 00624nam0 2200229 450 | |
| 001 | 0100006013 | |
| 005 | 20061009102437.31 | |
| 010 | @a7-5084-2961-3@dCNY 45.00 | |
| 100 | @a20030927d2004 em y0chiy0121 ea | |
| 101 | 0 | @achi |
| 102 | @aCN@b130000 | |
| 105 | @ay z 000yy | |
| 200 | 1 | @a现代节电技术与节电工程@f孙成宝,金哲主编@Fsun cheng bao,jin zhe zhu bian |
| 210 | @a北京@c中国水利水电出版社@d2005.6 | |
| 215 | @a365页@d26cm | |
| 606 | 0 | @a电能@x节能@x节能 |
| 690 | @aTM92@v4 | |
| 701 | 0 | @a金哲@Ajin zhe@4主编 |
| 701 | 0 | @a孙成宝@4主编 |
| 801 | @aCN@c20061009 | |
| 905 | @a10447@dTM92@eS900 | |
| 999 | @ehkdyb | |
| 现代节电技术与节电工程/孙成宝,金哲主编.-北京:中国水利水电出版社,2005.6 |
| 365页;26cm |
| ISBN 7-5084-2961-3:CNY 45.00 |
| ● |
| 相关链接 |
|
|
|
正题名:现代节电技术与节电工程
索取号:TM92/S900
 
预约/预借
| 序号 | 登录号 | 条形码 | 馆藏地/架位号 | 状态 | 备注 |
| 1 | 610427 | 206104277 | 期刊室512/301自科库 14排1列3层/ [索取号:TM92/S900] | 在馆 | |
| 2 | 610428 | 206104286 | 期刊室512/301自科库 14排1列3层/ [索取号:TM92/S900] | 在馆 | |
| 3 | 610429 | 206104295 | 自科库301/301自科库 20排3列3层/ [索取号:TM92/S900] | 在馆 |